| 000 | 00665nam a22002177a 4500 | ||
|---|---|---|---|
| 003 | KOHA_MİRAKIL | ||
| 005 | 20260508074622.0 | ||
| 008 | 260507b tu ||||| |||| 00| 0 tur d | ||
| 020 | _a97550700171 | ||
| 040 |
_aTR-AnABB _btur _cTR-AnABB |
||
| 041 | _atur | ||
| 082 |
_a813.42 _bBIN 2000 |
||
| 100 | 1 | _aBinyazar, Adnan | |
| 245 | 1 | 0 |
_aMasalını yitiren dev / _cAdnan Binyazar |
| 260 |
_aİstanbul : _bCan Sanat Yayınları, _c2000 |
||
| 300 |
_a284 sayfa ; _c20 cm. |
||
| 500 | _aYazar tarafından Prof. Dr. Ruşen Keleş için imzalanmıştır. | ||
| 650 | 0 | 4 | _aTürk edebiyatı, roman |
| 900 | _bCan ÇELIK | ||
| 942 |
_2ddc _cBK |
||
| 999 |
_c10369 _d10369 |
||